000 00730nam a22002890a 4500
001 PT34674
003 AR-LpoUNG
005 20240214135847.0
008 191001s1992||||sp |||||||||||||||||spa d
020 _a843485709X
_c$11.25
040 _aAR-LpoUNG
_bspa
_cAR-LpoUNG
_eaacr
041 _aspa
044 _asp
082 0 _a808.068 3 311mar
100 1 _aCarranza, Maite
245 1 0 _aMargarita metepatas
250 _a7ma. ed.
260 _aMadrid :
_bSM,
_c1992.
300 _a31 p. :
_bil.
505 0 _aSugerido a partir de 6 años (etiqueta AMARILLA)
650 4 _aCUENTOS
650 4 _aLITERATURA
653 _aLITERATURA INFANTIL
700 1 _aMenéndez, Margarita
905 _a34674
942 _cLIB
_2ddc
999 _c2058
_d2058